Victorian Vline Stations - Statistics

General Stats
  • This quiz has been taken 146 times
    120 since last reset
  • The average score is 47 of 84
Answer Stats
Answer % Correct
Bendigo
89%
Geelong
85%
Ararat
83%
Bairnsdale
83%
Ballarat
82%
Traralgon
79%
Albury
76%
Seymour
76%
Wodonga
76%
Castlemaine
75%
Echuca
75%
Melton
75%
Moe
75%
Kangaroo Flat
73%
North Geelong
73%
Shepparton
73%
Lara
72%
Swan Hill
72%
Wallan
72%
Kyneton
70%
Sale
70%
South Geelong
70%
Colac
69%
Ballan
68%
Donnybrook
68%
Waurn Ponds
68%
Gisborne
66%
Nar Nar Goon
66%
Eaglehawk
65%
Little River
65%
Benalla
63%
Bacchus Marsh
62%
Warnambool
62%
Deer Park
61%
Euroa
61%
Wangaratta
61%
Corio
58%
Kerang
58%
Kilmore East
58%
Macedon
58%
Maryborough
58%
Woodend
58%
Drouin
56%
Malmsbury
56%
Violet Town
56%
Warragul
56%
Wendouree
55%
Garfield
54%
Marshall
54%
North Shore
54%
Pyramid
52%
Rockbank
51%
Broadford
49%
Wandong
49%
Ardeer
48%
Beaufort
48%
Nagambie
48%
Bunyip
46%
Camperdown
46%
Rosedale
46%
Trafalgar
45%
Winchelsea
45%
Rochester
44%
Terang
42%
Avenel
41%
Chiltern
41%
Clunes
41%
Heathcote Junction
41%
Stratford
41%
Creswick
39%
Talbot
39%
Tallarook
39%
Springhurst
38%
Tynong
38%
Dingee
37%
Elmore
35%
Riddles Creek
35%
Longwarry
34%
Yarragon
34%
Mooroopna
32%
Morewell
31%
Birregurra
28%
Clarkfield
25%
Murchinson East
13%
No matching quizzes found
Score Distribution
Percent of People with Each Score
Percentile by Number Answered
Your Score History
You have not taken this quiz since the last reset